Statistics for King of Fighters XIII Characters

Click here to take the quiz!

General Stats

  • This quiz has been taken 41 times
  • The average score is 26 of 33

Answer Stats

TeamCharacter% Correct
YagamiIori Yagami
94%
K'K'
94%
Women FightersMai Shiranui
94%
Fatal FuryTerry Bogard
94%
KimKim Kaphwan
90%
Women FightersKing
90%
Art of FightingRyo Sakazaki
90%
Psycho SoldierAthena Asamiya
87%
JapanKyo Kusanagi
87%
Fatal FuryAndy Bogard
84%
BossAsh Crimson
84%
JapanBenimaru Nikaido
84%
Ikari WarriorsClark Still
84%
ElisabethElisabeth Blanctorche
84%
JapanGoro Daimon
84%
Fatal FuryJoe Higashi
84%
K'Kula Diamond
84%
Ikari WarriorsLeona Heidern
84%
YagamiMature
84%
Ikari WarriorsRalf Jones
84%
Art of FightingRobert Garcia
84%
YagamiVice
81%
Women FightersYuri Sakazaki
81%
K'Maxima
74%
Art of FightingTakuma Sakazaki
71%
Psycho SoldierSie Kensou
68%
Psycho SoldierChin Gentsai
65%
KimRaiden
65%
ElisabethDuo Lon
58%
ElisabethShen Woo
58%
BossSaiki
48%
BossBilly Kaine
39%
KimHwa Jai
39%

Score Distribution

Percentile by Number Answered

Percent of People with Each Score

Your Score History

You have not taken this quiz